|
|
|
|
| LEADER |
00000nam a22000007a 4500 |
| 008 |
190401b2017 sp a|||| |||| 00| | spa d |
| 999 |
|
|
|c 3685
|d 3685
|
| 020 |
|
|
|a 97816602551
|
| 090 |
|
|
|a 06.01.01
|b 2534
|
| 100 |
|
|
|9 4504
|a Navarro Ascencio, Enrique
|e Coordinador/a
|
| 245 |
1 |
0 |
|a Fundamentos de la investigación y la innovación educativa /
|c Enrique Navarro Ascencio (coordinador), Eva Jiménez García, Soledad Rappoport Redondo y Bianca Thoilliez Ruano
|
| 260 |
|
|
|a Longroño, España :
|b Universidad Internacional de La Rioja,
|c 2017
|
| 300 |
|
|
|a 276 páginas;
|b ilustraciones
|
| 650 |
1 |
4 |
|9 326
|a INVESTIGACIÓN EDUCATIVA
|
| 650 |
1 |
4 |
|9 285
|a METODOLOGÍA
|
| 650 |
1 |
4 |
|9 426
|a MANUALES
|
| 700 |
|
|
|9 4505
|a Jiménez García, Eva
|
| 700 |
|
|
|9 4506
|a Rappoport Redondo, Soledad
|
| 700 |
|
|
|9 4507
|a Thoilliez Ruano, Bianca
|
| 942 |
|
|
|i 004564
|h 06.01.01 2534
|2 z
|c 01
|